| 000 | 00720cam a22002054 4500 | ||
|---|---|---|---|
| 999 |
_c234969 _d234969 |
||
| 001 | 16625641 | ||
| 003 | Nust | ||
| 005 | 20170403175301.0 | ||
| 008 | 110126s1894 nyuabdf 001 0 eng | ||
| 010 | _atmp96025191 | ||
| 040 |
_aDLC _cDLC _dDLC |
||
| 050 | 1 | 0 |
_aDS785 _b.B78 1894a |
| 082 |
_a915.15 _bBOW |
||
| 100 | 1 |
_aBower, Hamilton, _cSir, _d1858-1940. |
|
| 245 | 1 | 0 |
_aDiary of a journey across Tibet / _cby Hamilton Bower. |
| 260 |
_aNew York : _bMacmillan & Co., _c1894. |
||
| 300 |
_axvi, 309 p., [2] fold. leaves of plates : _bill., maps, fold. chart ; _c23 cm. |
||
| 500 | _aIncludes index. | ||
| 651 | 0 |
_aTibet Autonomous Region (China) _xDescription and travel. |
|
| 906 |
_a0 _bcbc _cpremunv _d3 _encip _f20 _gy-gencatlg |
||
| 942 |
_2ddc _cBK |
||